Graduate mathematical physics: with MATHEMATICA supplements
Spremljeno u:
| Glavni autor: | |
|---|---|
| Format: | Knjiga |
| Jezik: | engleski |
| Izdano: |
Weinheim
Wiley-VCH
2006
|
| Izdanje: | 1a. ed |
| Serija: | Physics Textbook
|
| Teme: | |
| Oznake: |
Dodaj oznaku
Bez oznaka, Budi prvi tko označuje ovaj zapis!
|
MARC
| LEADER | 00000nam a2200000 a 4500 | ||
|---|---|---|---|
| 001 | UCH7849 | ||
| 003 | CL-VaPUC | ||
| 008 | 091126e20060000GW |||||||||||||||||eng|d | ||
| 020 | |a 9783527406371 | ||
| 020 | |a 3527406379 | ||
| 082 | 0 | 4 | |a 530.15 |b KEL |2 21 |
| 100 | 0 | |a Kelly, James Joseph |e author |9 544221 | |
| 245 | 1 | 0 | |a Graduate mathematical physics: with MATHEMATICA supplements |
| 250 | |a 1a. ed | ||
| 300 | |a 466 p | ||
| 942 | |c BK | ||
| 945 | |d 20091126 00:00:00 |a cmena | ||
| 260 | |a Weinheim |b Wiley-VCH |c 2006 | ||
| 500 | |a Incluye Cd-Rom | ||
| 650 | 0 | |a Física matemática |9 260981 | |
| 650 | 0 | |a Matemáticas aplicadas |9 342401 | |
| 650 | 0 | |a Libros de texto |9 270019 | |
| 650 | 0 | |a Proceso de datos |9 259776 | |
| 650 | 0 | |a Modelos matemáticos |9 259437 | |
| 650 | 0 | |a Funciones (Matemáticas) |9 338128 | |
| 583 | |a last modification |c 20091126 00:00:00 |k Rodrigo Vera | ||
| 490 | 0 | |a Physics Textbook | |
| 999 | |c 338195 |d 338193 | ||
| 952 | |0 0 |1 0 |4 0 |6 530_150000000000000_KEL_2006 |7 0 |8 A |9 431061 |a BIBCUR |b BIBCUR |d 2019-11-22 |i 4622111 |o 530.15 KEL 2006 |p 4622111 |r 2025-04-22 |w 2019-11-22 |y BK |k DCF | ||